Japan : The most misunderstood country

Đã lưu trong:
書目詳細資料
主要作者: Kobayashi, Kaoru
格式: 圖書
語言:Undetermined
出版: Tokyo Japan Times, Ltd. 1984
主題:
標簽: 添加標簽
沒有標簽, 成為第一個標記此記錄!
Thư viện lưu trữ: Trung tâm Học liệu Trường Đại học Cần Thơ
LEADER 00475nam a2200181Ia 4500
001 CTU_87777
008 210402s9999 xx 000 0 und d
082 |a 658.3 
082 |b K75 
100 |a Kobayashi, Kaoru 
245 0 |a Japan : 
245 4 |b The most misunderstood country 
245 0 |c Kaoru Kobayashi 
260 |a Tokyo 
260 |b Japan Times, Ltd. 
260 |c 1984 
650 |a Employee management 
980 |a Trung tâm Học liệu Trường Đại học Cần Thơ